[Event "Olympiad Women 2024"]
[Site "Budapest HUN"]
[Date "2024.09.14"]
[Round "4.76"]
[Board "2"]
[White "Henry, Zahidu"]
[Black "Kouassi Edichy Berenice"]
[Result "0-1"]
[WhiteElo "1450"]
[BlackElo "1528"]
[PlyCount "78"]
[EventDate "2024.09.11"]
[WhiteTeam "Dominica"]
[BlackTeam "Cote d’Ivoire"]

1. d4 d5 2. Bf4 c6 3. e3 Bf5 4. Nf3 Nf6 5. Be2 e6 6. O-O Be7 ({RR} 6... Bd6 7. Ne5 Qc7 8. Nd2 Nbd7 9. Nxd7 Nxd7 10. Bxd6 Qxd6 11. c4 O-O 12. Qb3 a5 13. Rac1 Qb4 14. Rc3 Rfb8 15. Rfc1 h6 16. a3 Qe7 17. Qd1 Nf6 18. Bf3 Rd8 19. cxd5 exd5 20. Qa4 Re8 21. Qd1 {0-1 Torre,E (2531)-Zhou,W (2477) PGMA Cup 2nd 2007 (8)}) ({RR} 6... Nbd7 7. c4 Be7 8. h3 h6 9. Nc3 O-O 10. c5 Ne4 11. Nxe4 Bxe4 12. b4 a6 13. a4 Re8 14. b5 a5 15. Ne5 Nxe5 16. Bxe5 Bf6 17. f4 Be7 18. b6 Qd7 19. Bd3 Bxd3 20. Qxd3 f6 21. Bc7 {½-½ Jonkman,H (2323)-Gurevich,M (2559) 15th BPB Limburg Open 2023 (7.8)}) 7. Nbd2 O-O 8. c3 $146 ({RR} 8. c4 Qb6 9. Qb3 Qxb3 10. Nxb3 Nbd7 11. Na5 Nh5 12. Be5 f6 13. Nxb7 g5 14. Bd6 Rab8 15. Bxb8 Rxb8 16. Na5 Rxb2 17. Nxc6 Bf8 18. Rfe1 Rb6 19. Nxa7 Bb4 20. Reb1 Bxb1 21. Rxb1 Ng7 22. cxd5 exd5 {1-0 Luu,H (1409)-Nguyen,H (1919) VIE-chT (Women) 2017 (5.28)}) ({RR} 8. c4 Nbd7 9. h3 c5 10. Rc1 cxd4 11. exd4 Bg6 {½-½ Martins,L (1827)-Schwertner,J (1763) Rio de Janeiro Salamon Memorial 2016 (5.17)}) ({RR} 8. h3 Nbd7 9. g4 Bg6 10. Nh2 Ne8 11. Ndf3 Nd6 12. Kg2 f6 13. Rh1 Qb6 14. g5 Qxb2 15. Bxd6 Bxd6 16. Bd3 Bxd3 17. Qxd3 Qb5 18. Qxb5 cxb5 19. h4 Rac8 20. gxf6 Nxf6 21. Ne1 Bxh2 22. Kxh2 Ng4+ {0-1 Ruiter,P-Hopman,P Alkmaar ACCOM op 1992}) 8... Nbd7 9. Nh4 Ne4 10. Nxf5 exf5 11. Qc2 Ndf6 12. f3 Nxd2 13. Qxd2 Nh5 14. Bd3 Nxf4 15. exf4 Qd7 16. h3 Rae8 17. Rae1 Bh4 18. Re2 Bg3 19. Qc2 g6 20. Qd2 Qd6 21. Re5 Qf6 22. Qe2 Rxe5 23. fxe5 Qh4 24. f4 Bxf4 25. Qf2 Bg3 26. Qf3 f4 27. c4 Qd8 28. c5 Re8 29. Qg4 Kg7 30. Rxf4 Bxf4 31. Qxf4 f6 32. exf6+ Qxf6 33. Qg4 Re3 34. Bc2 Re1+ 35. Kh2 Rf1 36. Bd3 Qf4+ 37. Qg3 Rh1+ 38. Kxh1 Qxg3 39. Be2 Qe1+ 0-1